Documentos de Sigena. (Record no. 183943)
[ view plain ]
| 000 -LEADER | |
|---|---|
| campo de control de longitud fija | 00726nam a2200229 i 4500 |
| 001 - NÚMERO DE CONTROL | |
| campo de control | 183943 |
| 003 - IDENTIFICADOR DE NÚMERO DE CONTROL | |
| campo de control | ES-MaACL |
| 005 - FECHA Y HORA DE LA ÚLTIMA TRANSACCIÓN | |
| campo de control | 20230906222016.0 |
| 008 - DATOS DE LONGITUD FIJA--INFORMACIÓN GENERAL | |
| campo de control de longitud fija | 141211s1972 sp h |||| | spa d |
| 080 ## - NÚMERO DE LA CLASIFICACIÓN DECIMAL UNIVERSAL | |
| Número de la Clasificación Decimal Universal | 726.75(460.222 Sigena)(093.2) |
| 245 00 - MENCIÓN DEL TÍTULO | |
| Título | Documentos de Sigena. |
| Número de parte o sección de la obra | 1 / |
| Mención de responsabilidad, etc. | Agustín Ubieto Arteta. |
| 250 ## - MENCION DE EDICION | |
| Mención de edición | Reprod. por facsímil. |
| 260 ## - PUBLICACIÓN, DISTRIBUCIÓN, ETC. | |
| Lugar de publicación, distribución, etc. | Valencia : |
| Nombre del editor, distribuidor, etc. | [Anubar], |
| Fecha de publicación, distribución, etc. | 1972. |
| 300 ## - DESCRIPCIÓN FÍSICA | |
| Extensión | 271 p. ; |
| Dimensiones | 22 cm. |
| 490 1# - MENCIÓN DE SERIE | |
| Mención de serie | Textos medievales ; |
| Designación de volumen o secuencia | 32 |
| 500 ## - NOTA GENERAL | |
| Nota general | Índices. |
| 610 27 - PUNTO DE ACCESO ADICIONAL DE MATERIA--NOMBRE DE ENTIDAD CORPORATIVA | |
| Nombre de entidad corporativa o nombre de jurisdicción como elemento de entrada | Monasterio de Sigena- |
| Subdivisión de forma | Historia- |
| -- | Fuentes. |
| 9 (RLIN) | 156047 |
| 700 1# - ENTRADA AGREGADA--NOMBRE PERSONAL | |
| Nombre de persona | Ubieto Arteta, Agustín. |
| 9 (RLIN) | 111842 |
| 830 0# - PUNTO DE ACCESO ADICIONAL DE SERIE-TÍTULO UNIFORME | |
| Título uniforme | Textos medievales ; |
| Designación de volumen o secuencia | 32 |
| 9 (RLIN) | 179970 |
| 852 ## - LOCALIZACIÓN | |
| Ubicación | ES-MaACL |
| Número de control de estantería | E-15445 |
| Nota libre | - enc. tela |
| Estatus retirado | Estado de pérdida | Estado de daño | No para préstamo | Biblioteca de origen | Biblioteca actual | Ubicación en estantería | Fecha de adquisición | Fuente de adquisición | Total de préstamos | Signatura topográfica completa | Código de barras | Visto por última vez | Precio de reemplazo | Tipo de ítem Koha |
|---|---|---|---|---|---|---|---|---|---|---|---|---|---|---|
| Biblioteca del Ateneo de Madrid | Biblioteca del Ateneo de Madrid | Depósito 2 | 11/12/2014 | E-15445 | 1193425 | 23/02/2023 | 23/02/2023 | Libro impreso |
